<?xml version="1.0" encoding="UTF-8"?>
<record
    xmlns:xsi="http://www.w3.org/2001/XMLSchema-instance"
    xsi:schemaLocation="http://www.loc.gov/MARC21/slim http://www.loc.gov/standards/marcxml/schema/MARC21slim.xsd"
    xmlns="http://www.loc.gov/MARC21/slim">

  <leader>00932nam a22002057a 4500</leader>
  <datafield tag="999" ind1=" " ind2=" ">
    <subfield code="c">4085</subfield>
    <subfield code="d">4085</subfield>
  </datafield>
  <controlfield tag="001">11585</controlfield>
  <controlfield tag="003">BD-DhUAP</controlfield>
  <controlfield tag="005">20200318165035.0</controlfield>
  <controlfield tag="008">200318s2014    bg ||||| |||| 00| 0 ben d</controlfield>
  <datafield tag="020" ind1=" " ind2=" ">
    <subfield code="a">9848243097</subfield>
  </datafield>
  <datafield tag="040" ind1=" " ind2=" ">
    <subfield code="a">BD-DhUAP</subfield>
    <subfield code="b">Ben</subfield>
    <subfield code="c">BD-DhUAP</subfield>
    <subfield code="d">BD-DhUAP</subfield>
  </datafield>
  <datafield tag="082" ind1=" " ind2=" ">
    <subfield code="2">23</subfield>
    <subfield code="a">530.11 UDA</subfield>
  </datafield>
  <datafield tag="100" ind1=" " ind2=" ">
    <subfield code="a">&#x989;&#x9A6;&#x9AF;&#x9BC;, &#x9A4;&#x9CC;&#x9B9;&#x9BF;&#x9A6;&#x9C2;&#x9B0; &#x9B0;&#x9B9;&#x9AE;&#x9BE;&#x9A8;&#x964;</subfield>
  </datafield>
  <datafield tag="245" ind1=" " ind2=" ">
    <subfield code="a">&#x986;&#x987;&#x9A8;&#x9B8;&#x9CD;&#x99F;&#x9BE;&#x987;&#x9A8;, &#x986;&#x9AA;&#x9C7;&#x995;&#x9CD;&#x9B7;&#x9BF;&#x995;&#x9A4;&#x9BE;'&#x9B0; &#x9A4;&#x9A4;&#x9CD;&#x9A4;&#x9CD;&#x9AC; &#x993; &#x9AE;&#x9B9;&#x9BE;&#x9AC;&#x9BF;&#x9B6;&#x9CD;&#x9AC; / </subfield>
    <subfield code="c">&#x9A4;&#x9CC;&#x9B9;&#x9BF;&#x9A6;&#x9C1;&#x9B0; &#x9B0;&#x9B9;&#x9AE;&#x9BE;&#x9A8; &#x989;&#x9A6;&#x9AF;&#x9BC;&#x964;</subfield>
  </datafield>
  <datafield tag="260" ind1=" " ind2=" ">
    <subfield code="a">&#x9A2;&#x9BE;&#x995;&#x9BE;, &#x9AC;&#x9BE;&#x982;&#x9B2;&#x9BE;&#x9A6;&#x9C7;&#x9B6; : </subfield>
    <subfield code="b">&#x9AC;&#x9BE;&#x982;&#x9B2;&#x9BE;&#x9A6;&#x9C7;&#x9B6; &#x986;&#x9CD;&#x9AF;&#x9B8;&#x9CD;&#x99F;&#x9CD;&#x9B0;&#x9CB;&#x9A8;&#x9AE;&#x9BF;&#x995;&#x9CD;&#x9AF;&#x9BE;&#x9B2; &#x98F;&#x9B8;&#x9CB;&#x9B8;&#x9BF;&#x9AF;&#x9BC;&#x9C7;&#x9B6;&#x9A8;,</subfield>
    <subfield code="c">&#x9E8;&#x9E6;&#x9E7;&#x9EA;&#x964;</subfield>
  </datafield>
  <datafield tag="300" ind1=" " ind2=" ">
    <subfield code="a">&#x9E8;&#x9E9;&#x9E7; &#x9AA;&#x9C3;&#x9B7;&#x9CD;&#x9A0;&#x9BE; : </subfield>
    <subfield code="b">&#x99A;&#x9BF;&#x9A4;&#x9CD;&#x9B0; ;</subfield>
    <subfield code="c">&#x9E8;&#x9E8; &#x9B8;&#x9C7;&#x9AE;&#x9BF;.&#x964;</subfield>
  </datafield>
  <datafield tag="650" ind1=" " ind2=" ">
    <subfield code="a">General relativity (Physics).</subfield>
  </datafield>
  <datafield tag="650" ind1=" " ind2=" ">
    <subfield code="a">General relativity (Physics).</subfield>
  </datafield>
  <datafield tag="942" ind1=" " ind2=" ">
    <subfield code="2">ddc</subfield>
    <subfield code="c">BK</subfield>
  </datafield>
  <datafield tag="952" ind1=" " ind2=" ">
    <subfield code="0">0</subfield>
    <subfield code="1">0</subfield>
    <subfield code="2">ddc</subfield>
    <subfield code="4">0</subfield>
    <subfield code="7">0</subfield>
    <subfield code="a">UAPCL</subfield>
    <subfield code="b">UAPCL</subfield>
    <subfield code="c">General Stacks</subfield>
    <subfield code="d">2020-03-18</subfield>
    <subfield code="l">1</subfield>
    <subfield code="o">530.11 UDA</subfield>
    <subfield code="p">3010011585</subfield>
    <subfield code="r">2024-09-05</subfield>
    <subfield code="s">2024-09-03</subfield>
    <subfield code="t">1</subfield>
    <subfield code="w">2020-03-18</subfield>
    <subfield code="y">BK</subfield>
  </datafield>
  <datafield tag="952" ind1=" " ind2=" ">
    <subfield code="0">0</subfield>
    <subfield code="1">0</subfield>
    <subfield code="2">ddc</subfield>
    <subfield code="4">0</subfield>
    <subfield code="7">0</subfield>
    <subfield code="a">UAPCL</subfield>
    <subfield code="b">UAPCL</subfield>
    <subfield code="c">General Stacks</subfield>
    <subfield code="d">2020-03-18</subfield>
    <subfield code="o">530.11 UDA</subfield>
    <subfield code="p">3010011586</subfield>
    <subfield code="r">2020-03-18</subfield>
    <subfield code="t">2</subfield>
    <subfield code="w">2020-03-18</subfield>
    <subfield code="y">BK</subfield>
  </datafield>
</record>
